000 00324nam a2200121Ia 4500
008 190216s9999||||xx |||||||||||||| ||und||
100 _aBhatia V B
245 2 _aA Text Book Of Astronomy And Astrophysics With Elements Of Cosmology
260 _bNarosa Pubs House
_c2001
300 _a386p
650 _aPhysics
942 _cBK
999 _c33702
_d33702